capítulo 11 el medio ambiente - Statistics

General Stats
  • This quiz has been taken 12 times
  • The average score is 15 of 47
Answer Stats
Hint Answer % Correct
air el aire
67%
climate change el cambio climático
67%
paper el papel
67%
tsunami el tsunami
67%
to (do) damage; to harm hacer daño
67%
pollution la contaminación
67%
destruction la destrucción
67%
nature la naturaleza
67%
to plant plantar
67%
to worry about; to concern oneself with preocuparse (por)
67%
to recycle reciclar
67%
to reforest reforestar
67%
alive; living vivo/a
67%
to pollute contaminar
33%
to take care of cuidar
33%
aluminum el aluminio
33%
sky; heaven el cielo
33%
greenhouse effect el efecto invernadero
33%
hurricane el huracán
33%
newspaper el periódico
33%
plastic el plástico
33%
tornado el tornado
33%
trash la basura
33%
bottle la botella
33%
quality la calidad
33%
ecology la ecología
33%
land; soil la tierra
33%
Earth la Tierra
33%
tragedy la tragedia
33%
to protect proteger
33%
pure puro/a
33%
to reuse reutilizar
33%
to throw away botar
0%
oil spill el derrame de petróleo
0%
fire el incendio
0%
natural resource el recurso natural
0%
earthquake el terremoto
0%
dump el vertedero
0%
glass el vidrio
0%
(cardboard) box la caja (de cartón)
0%
flood la inundación
0%
can la lata
0%
acid rain la lluvia ácida
0%
(tropical) rain forest la selva (tropical)
0%
storm la tormenta
0%
to kill matar
0%
to sow sembrar
0%
No matching quizzes found
Score Distribution
Percent of People with Each Score
Percentile by Number Answered
Your Score History
You have not taken this quiz